00737nam a2200277Ia 4500008004100000020001400041050001100055050001400066100001900080245003100099245003200130245004000162260001200202260002100214260000900235300001600244300002000260300001000280500003500290650002600325650003200351650001800383650002700401700002000428700001100448171120s9999 xx 000 0 und d a849934133 a242.63 bM138 1992 aMcDowell, Josh a13 things you gotta know : bto make it as a Christian / cby Josh McDowell and Bob Hostetler. aTexas : bWord Publishing, c1992 a131 pages : billustrations ; c21cm. aPower link student devotional. aDevotional calendars. aPrayer books and devotions. aTeenagers --  xPrayers and devotions. aHostetler, Bob. aTitle.